00901nam a2200289Ia 4500008004100000020001800041050001400059100002400073245003800097245005100135245006800186260001900254260001600273260000900289300001500298300002600313300001000339500001000349650001700359650001900376650001900395700003200414700002300446700001100469999001900480952011200499181129s9999 xx 000 0 und d a9780545591942 bH318 2010 aHarrison, D avid L. 0aMammoth bones and broken stones : 4bthe mystery of North American's first people / 0cby David L. Harrison ; illustrated by Richard Hilliard and Arch aNew York, NY : bScholastic, c2010 a48 pages : bcolor illustrations ; c23cm. a1040L aAntiquities. aNorth America. aPaleo-Indians. aArchaeological Photographs. aHilliard, Richard. aTitle. c359914d359914 001040aSSISMbSSISMcSSISMd2018-11-29l0oLEX H318 2010pSSISM5708r2018-11-29 00:00:00w2018-11-29yLEX